|
|
|
|
| LEADER |
00000nab a2200000 a 4500 |
| 001 |
vtls011130358 |
| 003 |
SK-MaSNL |
| 005 |
20260304024524.0 |
| 008 |
230222|2014 xo |||||||||||||||||slo| |
| 015 |
|
|
|a SNBRB
|
| 035 |
|
|
|a (uuid)d5f5066f-848d-4778-af3e-2ad5adb6a5d6
|
| 035 |
|
|
|a (urnnbn)urn:nbn:sk:snk:ar-a09k4l
|
| 035 |
|
|
|a urn:nbn:sk:snk-aba856
|
| 040 |
|
|
|a SNKBUCL
|b slo
|c SNKBUCL
|e AACR2
|
| 041 |
0 |
|
|a slo
|
| 044 |
|
|
|a xo
|c SK
|
| 100 |
1 |
|
|a Bátora, Jozef,
|d 1950-
|4 aut
|9 104666
|
| 245 |
1 |
0 |
|a Životné jubileum prof. PhDr. Jozefa Vladára, DrSc.
|c Jozef Bátora
|
| 773 |
0 |
|
|t Slovenská archeológia
|g Roč. 62, č. 2 (2014), s. [399]-401
|
| 954 |
|
|
|a odborná, vedecká literatúra pôvodná (slovenská)
|2 lita
|
| 958 |
|
|
|a OND
|
| 958 |
|
|
|a EUIPO
|
| 958 |
|
|
|a article13
|
| 999 |
|
|
|c 2622293
|d 2624223
|